[Event "GER-ch Blitz 2019"]
[Site "Magdeburg"]
[Date "2019.05.25"]
[Round "25.4"]
[White "Zuyev, Igor"]
[Black "Schneider, Ilja"]
[Result "1-0"]
[WhiteElo "2447"]
[BlackElo "2494"]
[Annotator "ChessBase"]
[PlyCount "57"]
[EventDate "2019.05.25"]
[EventType "tourn"]
[EventCountry "GER"]
[Tiebreak "Number of wins+Number of black wins"]
[SourceTitle "playchess.com"]
[Source "ChessBase"]
[SourceQuality "1"]
[TimeControl "180+2"]

1. d4 {[%emt 0:00:00]} d5 {[%emt 0:00:00]} 2. Nf3 {[%emt 0:00:04]} Nf6 {
[%emt 0:00:00]} 3. Bf4 {[%emt 0:00:06]} c5 {[%emt 0:00:00]} 4. dxc5 {[%emt 0:
00:05]} Qa5+ {[%emt 0:00:04]} 5. c3 {[%emt 0:00:06]} Qxc5 {[%emt 0:00:01]} 6.
e3 {[%emt 0:00:04]} Nc6 {[%emt 0:00:05]} 7. b4 {[%emt 0:00:06]} Qb6 {[%emt 0:
00:02]} 8. a4 {[%emt 0:00:05]} e6 {[%emt 0:00:22]} 9. Bd3 {[%emt 0:00:06]} Be7
{[%emt 0:00:03]} 10. Nbd2 {[%emt 0:00:05]} O-O {[%emt 0:00:06]} 11. O-O {
[%emt 0:00:04]} a5 {[%emt 0:00:07]} 12. b5 {[%emt 0:00:06]} Nb8 {[%emt 0:00:03]
} 13. c4 {[%emt 0:00:05]} Nbd7 {[%emt 0:00:06]} 14. Qc2 {[%emt 0:00:07]} Nc5 {
[%emt 0:00:05]} 15. Be5 {[%emt 0:00:10]} Bd7 {[%emt 0:00:20]} 16. Rfd1 {
[%emt 0:00:17]} Rac8 {[%emt 0:00:14]} 17. Bd4 {[%emt 0:00:07]} Rfd8 {[%emt 0:
00:09]} 18. cxd5 {[%emt 0:00:08]} exd5 {[%emt 0:00:07]} 19. Nb3 {[%emt 0:00:09]
} Nxb3 {[%emt 0:00:33]} 20. Bxb6 {[%emt 0:00:06]} Nxa1 {[%emt 0:00:08]} 21. Qb2
{[%emt 0:00:11]} Re8 {[%emt 0:00:07]} 22. Qxa1 {[%emt 0:00:07]} Bb4 {[%emt 0:
00:02]} 23. Bd4 {[%emt 0:00:06]} Ne4 {[%emt 0:00:03]} 24. Bxg7 {[%emt 0:00:08]}
Nc3 {[%emt 0:00:01]} 25. Bxc3 {[%emt 0:00:07]} Rxc3 {[%emt 0:00:01]} 26. Qb1 {
[%emt 0:00:05]} Rec8 {[%emt 0:00:04]} 27. Bxh7+ {[%emt 0:00:07]} Kg7 {[%emt 0:
00:01]} 28. Nd4 {[%emt 0:00:05]} Ba3 {[%emt 0:00:03]} 29. Ne2 {[%emt 0:00:08]}
1-0

[Event "GER-ch Blitz 2019"]
[Site "Magdeburg"]
[Date "2019.05.25"]
[Round "25.5"]
[White "Krause, Benedict"]
[Black "Stein, Robert"]
[Result "1/2-1/2"]
[WhiteElo "2434"]
[BlackElo "2318"]
[Annotator "NA"]
[PlyCount "82"]
[EventDate "2019.05.25"]
[EventType "tourn"]
[EventCountry "GER"]
[Tiebreak "Number of wins+Number of black wins"]
[SourceTitle "playchess.com"]
[Source "ChessBase"]
[SourceQuality "1"]
[TimeControl "180+2"]

1. e4 {[%emt 0:00:00]} e5 {[%emt 0:00:00]} 2. Nf3 Nc6 3. Bc4 {[%emt 0:00:01]}
Bc5 {[%emt 0:00:00]} 4. O-O {[%emt 0:00:02]} d6 {[%emt 0:00:00]} 5. c3 {
[%emt 0:00:02]} Nf6 {[%emt 0:00:05]} 6. d3 {[%emt 0:00:01]} a6 {[%emt 0:00:03]}
7. Bb3 {[%emt 0:00:02]} Ba7 {[%emt 0:00:01]} 8. Nbd2 {[%emt 0:00:02]} O-O {
[%emt 0:00:05]} 9. h3 {[%emt 0:00:01]} h6 {[%emt 0:00:06]} 10. Re1 {[%emt 0:00:
01]} Re8 {[%emt 0:00:01]} 11. Nf1 {[%emt 0:00:01]} Be6 {[%emt 0:00:00]} 12. Ng3
Qd7 13. Bc2 {[%emt 0:00:13]} Rad8 {[%emt 0:00:03]} 14. d4 exd4 {[%emt 0:00:24]}
15. cxd4 {[%emt 0:00:06]} d5 {[%emt 0:00:01]} 16. e5 {[%emt 0:00:02]} Ne4 {
[%emt 0:00:00]} 17. Nxe4 {[%emt 0:00:42]} dxe4 {[%emt 0:00:01]} 18. Bxe4 {
[%emt 0:00:01]} Nxd4 {[%emt 0:00:02]} 19. Be3 {[%emt 0:00:32]} Nxf3+ 20. Qxf3 {
[%emt 0:00:01]} Bxe3 {[%emt 0:00:04]} 21. Rxe3 {[%emt 0:00:08]} c6 {[%emt 0:00:
04]} 22. Qf4 {[%emt 0:00:07]} Qd2 {[%emt 0:00:16]} 23. Rae1 {[%emt 0:00:34]}
Rd4 {[%emt 0:00:45]} 24. Qh4 {[%emt 0:00:34]} Bf5 {[%emt 0:00:29]} 25. R3e2 {
[%emt 0:00:01]} Rxe4 {[%emt 0:00:24]} 26. Qxe4 {[%emt 0:00:06]} Qxe1+ {[%emt 0:
00:01]} 27. Rxe1 Bxe4 {[%emt 0:00:01]} 28. Rxe4 {[%emt 0:00:02]} Rd8 {[%emt 0:
00:04]} 29. Re2 {[%emt 0:00:02]} Kf8 {[%emt 0:00:01]} 30. f4 {[%emt 0:00:02]}
h5 {[%emt 0:00:03]} 31. Kf2 {[%emt 0:00:04]} Ke7 {[%emt 0:00:00]} 32. g4 {
[%emt 0:00:03]} hxg4 {[%emt 0:00:02]} 33. hxg4 {[%emt 0:00:00]} c5 {[%emt 0:00:
24]} 34. Kf3 {[%emt 0:00:02]} b5 {[%emt 0:00:01]} 35. f5 {[%emt 0:00:03]} c4 {
[%emt 0:00:00]} 36. g5 {[%emt 0:00:01]} g6 {[%emt 0:00:06]} 37. fxg6 {[%emt 0:
00:09]} fxg6 {[%emt 0:00:01]} 38. Ke4 {[%emt 0:00:02]} Rd1 {[%emt 0:00:04]} 39.
Rf2 {[%emt 0:00:06]} Re1+ {[%emt 0:00:03]} 40. Kd5 {[%emt 0:00:01]} Rd1+ {
[%emt 0:00:01]} 41. Ke4 {[%emt 0:00:09]} Re1+ {[%emt 0:00:01]} 1/2-1/2

[Event "GER-ch Blitz 2019"]
[Site "Magdeburg"]
[Date "2019.05.25"]
[Round "25.6"]
[White "Schmaltz, Roland"]
[Black "Hebbinghaus, Holger"]
[Result "1-0"]
[WhiteElo "2461"]
[BlackElo "2310"]
[Annotator "ChessBase"]
[PlyCount "67"]
[EventDate "2019.05.25"]
[EventType "tourn"]
[EventCountry "GER"]
[Tiebreak "Number of wins+Number of black wins"]
[SourceTitle "playchess.com"]
[Source "ChessBase"]
[SourceQuality "1"]
[TimeControl "180+2"]

1. e4 {[%emt 0:00:00]} Nf6 {[%emt 0:00:00]} 2. d3 {[%emt 0:00:00]} d5 {[%emt 0:
00:00]} 3. Nd2 {[%emt 0:00:00]} e5 {[%emt 0:00:03]} 4. Ngf3 {[%emt 0:00:01]}
Nc6 {[%emt 0:00:00]} 5. Be2 {[%emt 0:00:01]} Bc5 {[%emt 0:00:03]} 6. O-O {
[%emt 0:00:01]} O-O {[%emt 0:00:02]} 7. a3 {[%emt 0:00:01]} a5 {[%emt 0:00:02]}
8. b3 {[%emt 0:00:01]} Re8 {[%emt 0:00:10]} 9. c3 {[%emt 0:00:02]} h6 {[%emt 0:
00:20]} 10. Rb1 {[%emt 0:00:03]} Ba7 {[%emt 0:00:14]} 11. b4 {[%emt 0:00:06]}
axb4 {[%emt 0:00:09]} 12. axb4 {[%emt 0:00:01]} Bg4 {[%emt 0:00:23]} 13. b5 {
[%emt 0:00:02]} Nb8 {[%emt 0:00:12]} 14. Bb2 {[%emt 0:00:06]} Nbd7 {[%emt 0:00:
05]} 15. h3 {[%emt 0:00:10]} Bh5 {[%emt 0:00:03]} 16. Re1 {[%emt 0:00:06]} dxe4
{[%emt 0:00:13]} 17. dxe4 {[%emt 0:00:02]} Nc5 {[%emt 0:00:10]} 18. Qc2 {
[%emt 0:00:02]} Bg6 {[%emt 0:00:09]} 19. Bf1 {[%emt 0:00:02]} Bb6 {[%emt 0:00:
14]} 20. c4 {[%emt 0:00:09]} Nfd7 {[%emt 0:00:05]} 21. Rbd1 {[%emt 0:00:07]}
Qe7 {[%emt 0:00:03]} 22. Nb1 {[%emt 0:00:02]} c6 {[%emt 0:00:08]} 23. Nc3 {
[%emt 0:00:05]} Ne6 {[%emt 0:00:09]} 24. Na4 {[%emt 0:00:16]} Ba5 {[%emt 0:00:
13]} 25. Re3 {[%emt 0:00:15]} f6 {[%emt 0:00:12]} 26. Nh4 {[%emt 0:00:04]} Bh7
{[%emt 0:00:02]} 27. bxc6 {[%emt 0:00:06]} bxc6 {[%emt 0:00:01]} 28. Nf5 {
[%emt 0:00:04]} Bxf5 {[%emt 0:00:06]} 29. exf5 {[%emt 0:00:02]} Nc7 {[%emt 0:
00:13]} 30. Ba3 {[%emt 0:00:05]} Qf7 {[%emt 0:00:01]} 31. Qe4 {[%emt 0:00:14]}
Nb6 {[%emt 0:00:04]} 32. Nxb6 {[%emt 0:00:10]} Bxb6 {[%emt 0:00:12]} 33. c5 {
[%emt 0:00:01]} Ba5 34. Bc4 {[%emt 0:00:02]} 1-0

[Event "GER-ch Blitz 2019"]
[Site "Magdeburg"]
[Date "2019.05.25"]
[Round "25.7"]
[White "Barzen, Pascal"]
[Black "Kopylov, Daniel"]
[Result "0-1"]
[WhiteElo "2292"]
[BlackElo "2263"]
[Annotator "NA"]
[PlyCount "91"]
[EventDate "2019.05.25"]
[EventType "tourn"]
[EventCountry "GER"]
[Tiebreak "Number of wins+Number of black wins"]
[SourceTitle "playchess.com"]
[Source "ChessBase"]
[SourceQuality "1"]
[TimeControl "180+2"]

1. e4 {[%emt 0:00:00]} c5 {[%emt 0:00:00]} 2. Nc3 {[%emt 0:00:01]} Nc6 {
[%emt 0:00:00]} 3. g3 {[%emt 0:00:01]} g6 {[%emt 0:00:02]} 4. Bg2 {[%emt 0:00:
00]} Bg7 5. d3 e6 {[%emt 0:00:02]} 6. f4 {[%emt 0:00:01]} Nge7 {[%emt 0:00:01]}
7. Nf3 {[%emt 0:00:01]} O-O {[%emt 0:00:03]} 8. Be3 {[%emt 0:00:00]} d6 {
[%emt 0:00:03]} 9. O-O {[%emt 0:00:02]} Nd4 {[%emt 0:00:02]} 10. e5 {[%emt 0:
00:01]} dxe5 {[%emt 0:00:09]} 11. Nxe5 {[%emt 0:00:02]} Rb8 {[%emt 0:00:27]}
12. Ne4 {[%emt 0:00:02]} b6 {[%emt 0:00:07]} 13. c3 {[%emt 0:00:02]} Ndf5 {
[%emt 0:00:04]} 14. Bf2 {[%emt 0:00:01]} Ba6 {[%emt 0:00:07]} 15. g4 {[%emt 0:
00:13]} Nd6 {[%emt 0:00:03]} 16. Bh4 {[%emt 0:00:14]} f6 {[%emt 0:00:36]} 17.
Nxd6 {[%emt 0:00:18]} Qxd6 {[%emt 0:00:08]} 18. Nc4 {[%emt 0:00:03]} Qd7 {
[%emt 0:00:16]} 19. Qe2 {[%emt 0:00:07]} Rbd8 {[%emt 0:00:04]} 20. Rad1 {
[%emt 0:00:30]} Nd5 {[%emt 0:00:29]} 21. Bg3 {[%emt 0:00:17]} Rfe8 {[%emt 0:00:
02]} 22. h4 {[%emt 0:00:11]} b5 {[%emt 0:00:10]} 23. Ne3 {[%emt 0:00:06]} f5 {
[%emt 0:00:01]} 24. h5 {[%emt 0:00:15]} b4 {[%emt 0:00:09]} 25. Nxd5 {[%emt 0:
00:35]} exd5 {[%emt 0:00:05]} 26. Qd2 {[%emt 0:00:03]} bxc3 {[%emt 0:00:04]}
27. bxc3 {[%emt 0:00:01]} d4 {[%emt 0:00:06]} 28. c4 {[%emt 0:00:08]} Re3 {
[%emt 0:00:13]} 29. Bd5+ {[%emt 0:00:08]} Kh8 {[%emt 0:00:09]} 30. Bf2 {
[%emt 0:00:03]} fxg4 {[%emt 0:00:01]} 31. Bxe3 {[%emt 0:00:10]} dxe3 {[%emt 0:
00:01]} 32. Qg2 {[%emt 0:00:09]} Bd4 {[%emt 0:00:02]} 33. Kh1 {[%emt 0:00:05]}
gxh5 {[%emt 0:00:01]} 34. Rb1 {[%emt 0:00:01]} h4 {[%emt 0:00:03]} 35. f5 g3 {
[%emt 0:00:03]} 36. Qh3 {[%emt 0:00:12]} e2 {[%emt 0:00:01]} 37. Rfe1 {[%emt 0:
00:01]} Qe7 {[%emt 0:00:10]} 38. Qg4 {[%emt 0:00:01]} Re8 {[%emt 0:00:02]} 39.
Bf3 {[%emt 0:00:04]} Bc8 {[%emt 0:00:01]} 40. Rxe2 {[%emt 0:00:02]} Qf8 {
[%emt 0:00:01]} 41. Rxe8 {[%emt 0:00:04]} Qxe8 {[%emt 0:00:01]} 42. Bd5 {
[%emt 0:00:03]} Bf6 {[%emt 0:00:06]} 43. Rb8 {[%emt 0:00:05]} Qf8 44. Be6 {
[%emt 0:00:02]} Bb7+ {[%emt 0:00:06]} 45. Rxb7 {[%emt 0:00:01]} Qd6 {[%emt 0:
00:06]} 46. Qg8# 0-1

[Event "GER-ch Blitz 2019"]
[Site "Magdeburg"]
[Date "2019.05.25"]
[Round "25.8"]
[White "Zelbel, Patrick"]
[Black "Heistermann, Till"]
[Result "1-0"]
[WhiteElo "2439"]
[BlackElo "2181"]
[Annotator "NA"]
[PlyCount "131"]
[EventDate "2019.05.25"]
[EventType "tourn"]
[EventCountry "GER"]
[Tiebreak "Number of wins+Number of black wins"]
[SourceTitle "playchess.com"]
[Source "ChessBase"]
[SourceQuality "1"]
[TimeControl "180+2"]

1. e4 {[%emt 0:00:00]} d6 {[%emt 0:00:00]} 2. d4 {[%emt 0:00:00]} e5 {[%emt 0:
00:00]} 3. Nf3 {[%emt 0:00:00]} exd4 4. Nxd4 {[%emt 0:00:01]} Nf6 {[%emt 0:00:
01]} 5. Nc3 {[%emt 0:00:03]} Be7 {[%emt 0:00:01]} 6. Be2 {[%emt 0:00:01]} O-O {
[%emt 0:00:01]} 7. Bf4 {[%emt 0:00:00]} Nc6 {[%emt 0:00:03]} 8. Nxc6 {[%emt 0:
00:09]} bxc6 {[%emt 0:00:01]} 9. e5 {[%emt 0:00:08]} dxe5 {[%emt 0:00:05]} 10.
Qxd8 {[%emt 0:00:10]} Rxd8 {[%emt 0:00:02]} 11. Bxe5 {[%emt 0:00:01]} Bd6 {
[%emt 0:00:01]} 12. O-O-O {[%emt 0:00:24]} Be6 {[%emt 0:00:05]} 13. Bd4 {
[%emt 0:00:19]} Be7 {[%emt 0:00:55]} 14. Bf3 {[%emt 0:00:08]} Nd5 {[%emt 0:00:
02]} 15. Ne4 {[%emt 0:00:10]} a5 {[%emt 0:00:10]} 16. Rhe1 {[%emt 0:00:09]}
Rab8 {[%emt 0:00:04]} 17. a3 {[%emt 0:00:09]} h6 {[%emt 0:00:05]} 18. g3 {
[%emt 0:00:24]} Bf5 {[%emt 0:00:18]} 19. h4 {[%emt 0:00:06]} Kf8 {[%emt 0:00:
23]} 20. Nc3 {[%emt 0:00:12]} Be6 {[%emt 0:00:05]} 21. Na4 {[%emt 0:00:09]} Kg8
{[%emt 0:00:43]} 22. Nc5 {[%emt 0:00:04]} Bxc5 {[%emt 0:00:02]} 23. Bxc5 {
[%emt 0:00:01]} a4 {[%emt 0:00:16]} 24. Re4 {[%emt 0:00:09]} Nb6 {[%emt 0:00:
05]} 25. Bxb6 {[%emt 0:00:23]} cxb6 {[%emt 0:00:02]} 26. Rxa4 {[%emt 0:00:03]}
Rxd1+ {[%emt 0:00:01]} 27. Kxd1 c5 28. Ra8 {[%emt 0:00:10]} Rxa8 {[%emt 0:00:
01]} 29. Bxa8 {[%emt 0:00:01]} Kf8 {[%emt 0:00:01]} 30. Kd2 {[%emt 0:00:01]}
Ke7 {[%emt 0:00:01]} 31. Ke3 {[%emt 0:00:01]} Kd6 {[%emt 0:00:00]} 32. b3 {
[%emt 0:00:06]} f6 {[%emt 0:00:01]} 33. Be4 {[%emt 0:00:04]} g5 {[%emt 0:00:01]
} 34. f4 {[%emt 0:00:04]} gxh4 {[%emt 0:00:11]} 35. gxh4 {[%emt 0:00:01]} Bf7 {
[%emt 0:00:01]} 36. Kd3 {[%emt 0:00:02]} Be6 {[%emt 0:00:02]} 37. Kc3 {[%emt 0:
00:02]} Bf7 {[%emt 0:00:02]} 38. b4 {[%emt 0:00:04]} Be6 {[%emt 0:00:01]} 39.
Bd3 {[%emt 0:00:04]} Bd7 {[%emt 0:00:01]} 40. Bc4 {[%emt 0:00:03]} Bf5 {
[%emt 0:00:01]} 41. Bf7 {[%emt 0:00:02]} Bd7 {[%emt 0:00:01]} 42. Kc4 {[%emt 0:
00:03]} cxb4 {[%emt 0:00:03]} 43. axb4 {[%emt 0:00:02]} Bc6 {[%emt 0:00:01]}
44. Kd4 {[%emt 0:00:02]} Bd7 {[%emt 0:00:02]} 45. c4 {[%emt 0:00:01]} Bg4 {
[%emt 0:00:02]} 46. c5+ {[%emt 0:00:01]} bxc5+ {[%emt 0:00:01]} 47. bxc5+ {
[%emt 0:00:00]} Kc6 {[%emt 0:00:01]} 48. Be8+ {[%emt 0:00:02]} Kc7 {[%emt 0:00:
01]} 49. Kd5 {[%emt 0:00:01]} Bf5 {[%emt 0:00:02]} 50. Ba4 {[%emt 0:00:02]} Bg4
{[%emt 0:00:01]} 51. Bc2 {[%emt 0:00:01]} Bc8 {[%emt 0:00:01]} 52. Bg6 {
[%emt 0:00:02]} Bd7 {[%emt 0:00:02]} 53. Bf7 {[%emt 0:00:01]} Bg4 {[%emt 0:00:
03]} 54. Bg8 {[%emt 0:00:01]} Bh3 {[%emt 0:00:02]} 55. Bf7 {[%emt 0:00:03]} Bg4
{[%emt 0:00:01]} 56. Be8 {[%emt 0:00:00]} Bh3 {[%emt 0:00:02]} 57. Ba4 {
[%emt 0:00:01]} Bg4 {[%emt 0:00:02]} 58. Ke4 {[%emt 0:00:01]} Bh3 {[%emt 0:00:
03]} 59. Kf3 {[%emt 0:00:03]} Bf5 {[%emt 0:00:01]} 60. Ke3 {[%emt 0:00:00]} Bh3
{[%emt 0:00:01]} 61. Kd4 {[%emt 0:00:01]} Bg4 {[%emt 0:00:01]} 62. Kd5 {
[%emt 0:00:03]} Bh3 {[%emt 0:00:02]} 63. Bc2 {[%emt 0:00:01]} Bg4 {[%emt 0:00:
01]} 64. f5 {[%emt 0:00:02]} Bh3 {[%emt 0:00:02]} 65. Be4 {[%emt 0:00:01]} Bg4
{[%emt 0:00:11]} 66. Ke6 {[%emt 0:00:01]} 1-0

[Event "GER-ch Blitz 2019"]
[Site "Magdeburg"]
[Date "2019.05.25"]
[Round "25.9"]
[White "Braeuning, Rudolf Wilhelm"]
[Black "Schulze, Marc"]
[Result "1-0"]
[WhiteElo "2285"]
[BlackElo "2220"]
[Annotator "NA"]
[PlyCount "87"]
[EventDate "2019.05.25"]
[EventType "tourn"]
[EventCountry "GER"]
[Tiebreak "Number of wins+Number of black wins"]
[SourceTitle "playchess.com"]
[Source "ChessBase"]
[SourceQuality "1"]
[TimeControl "180+2"]

1. e4 {[%emt 0:00:00]} c5 {[%emt 0:00:00]} 2. c3 {[%emt 0:00:00]} d5 {[%emt 0:
00:00]} 3. exd5 {[%emt 0:00:01]} Qxd5 {[%emt 0:00:00]} 4. d4 {[%emt 0:00:01]}
Nf6 {[%emt 0:00:01]} 5. Nf3 {[%emt 0:00:02]} Bg4 {[%emt 0:00:01]} 6. Nbd2 {
[%emt 0:00:00]} Nc6 {[%emt 0:00:01]} 7. Bc4 Bxf3 8. Qb3 {[%emt 0:00:14]} Na5 {
[%emt 0:00:14]} 9. Qb5+ {[%emt 0:00:15]} Qd7 {[%emt 0:00:11]} 10. Nxf3 {
[%emt 0:00:12]} Nxc4 {[%emt 0:00:01]} 11. Qxc4 {[%emt 0:00:02]} cxd4 {[%emt 0:
00:02]} 12. Nxd4 {[%emt 0:00:05]} e6 {[%emt 0:00:07]} 13. Bg5 {[%emt 0:00:08]}
Qd5 {[%emt 0:00:03]} 14. Qb5+ {[%emt 0:00:16]} Qxb5 {[%emt 0:00:22]} 15. Nxb5 {
[%emt 0:00:01]} Nd5 {[%emt 0:00:13]} 16. O-O-O {[%emt 0:00:27]} a6 {[%emt 0:00:
07]} 17. Rxd5 exd5 18. Nc7+ {[%emt 0:00:09]} Kd7 {[%emt 0:00:02]} 19. Nxa8 {
[%emt 0:00:03]} Bc5 {[%emt 0:00:01]} 20. Rd1 {[%emt 0:00:18]} Kc6 {[%emt 0:00:
07]} 21. Nc7 {[%emt 0:00:02]} Kxc7 {[%emt 0:00:24]} 22. Rxd5 {[%emt 0:00:02]}
Kc6 {[%emt 0:00:04]} 23. Rf5 {[%emt 0:00:09]} f6 {[%emt 0:00:01]} 24. Be3 {
[%emt 0:00:05]} Bxe3+ {[%emt 0:00:06]} 25. fxe3 {[%emt 0:00:01]} Rd8 {[%emt 0:
00:02]} 26. Kc2 {[%emt 0:00:02]} Kd6 {[%emt 0:00:05]} 27. Rf2 {[%emt 0:00:12]}
Ke5 {[%emt 0:00:01]} 28. Rf4 {[%emt 0:00:05]} Rd5 {[%emt 0:00:12]} 29. Rd4 {
[%emt 0:00:05]} Rxd4 {[%emt 0:00:14]} 30. exd4+ {[%emt 0:00:06]} Ke4 {[%emt 0:
00:00]} 31. Kd2 {[%emt 0:00:01]} f5 {[%emt 0:00:01]} 32. Ke2 {[%emt 0:00:05]}
f4 {[%emt 0:00:03]} 33. h4 {[%emt 0:00:06]} g6 {[%emt 0:00:00]} 34. a4 {
[%emt 0:00:03]} a5 {[%emt 0:00:03]} 35. Kf2 {[%emt 0:00:16]} h6 {[%emt 0:00:01]
} 36. Ke2 {[%emt 0:00:02]} g5 {[%emt 0:00:01]} 37. Kf2 {[%emt 0:00:01]} b6 {
[%emt 0:00:01]} 38. hxg5 {[%emt 0:00:06]} hxg5 {[%emt 0:00:01]} 39. b4 {
[%emt 0:00:13]} axb4 {[%emt 0:00:01]} 40. cxb4 {[%emt 0:00:00]} g4 {[%emt 0:00:
51]} 41. a5 {[%emt 0:00:01]} bxa5 {[%emt 0:00:00]} 42. bxa5 {[%emt 0:00:01]}
Kd5 {[%emt 0:00:01]} 43. a6 {[%emt 0:00:02]} Kc6 {[%emt 0:00:00]} 44. d5+ 1-0

[Event "GER-ch Blitz 2019"]
[Site "Magdeburg"]
[Date "2019.05.25"]
[Round "25.10"]
[White "Svane, Frederik"]
[Black "Voege, Tobias"]
[Result "0-1"]
[WhiteElo "2342"]
[BlackElo "2294"]
[Annotator "NA"]
[PlyCount "80"]
[EventDate "2019.05.25"]
[EventType "tourn"]
[EventCountry "GER"]
[Tiebreak "Number of wins+Number of black wins"]
[SourceTitle "playchess.com"]
[Source "ChessBase"]
[SourceQuality "1"]
[TimeControl "180+2"]

1. e4 {[%emt 0:00:00]} c5 {[%emt 0:00:00]} 2. Nf3 {[%emt 0:00:01]} Nc6 {
[%emt 0:00:00]} 3. Bb5 {[%emt 0:00:02]} g6 {[%emt 0:00:00]} 4. O-O {[%emt 0:00:
02]} Bg7 {[%emt 0:00:01]} 5. Bxc6 {[%emt 0:00:01]} bxc6 {[%emt 0:00:01]} 6. c3
{[%emt 0:00:06]} Nf6 {[%emt 0:00:01]} 7. Re1 {[%emt 0:00:02]} O-O {[%emt 0:00:
02]} 8. d4 {[%emt 0:00:00]} cxd4 {[%emt 0:00:01]} 9. cxd4 {[%emt 0:00:01]} d5 {
[%emt 0:00:01]} 10. e5 {[%emt 0:00:01]} Ne4 {[%emt 0:00:01]} 11. Nc3 {[%emt 0:
00:02]} Nxc3 {[%emt 0:00:14]} 12. bxc3 {[%emt 0:00:01]} Qa5 {[%emt 0:00:11]}
13. Qb3 {[%emt 0:00:02]} Bg4 {[%emt 0:00:11]} 14. Qa3 {[%emt 0:00:04]} Qc7 {
[%emt 0:00:34]} 15. Qc5 {[%emt 0:00:16]} Rfb8 {[%emt 0:00:06]} 16. a4 {[%emt 0:
00:42]} Bxf3 {[%emt 0:00:12]} 17. gxf3 {[%emt 0:00:02]} e6 {[%emt 0:00:01]} 18.
Qa3 {[%emt 0:00:45]} Bf8 19. Qa2 c5 {[%emt 0:00:17]} 20. Ba3 {[%emt 0:00:08]}
cxd4 {[%emt 0:00:05]} 21. Bxf8 {[%emt 0:00:02]} Kxf8 {[%emt 0:00:01]} 22. cxd4
{[%emt 0:00:34]} Rb4 {[%emt 0:00:05]} 23. Qa3 {[%emt 0:00:15]} Qe7 {[%emt 0:00:
01]} 24. Rab1 {[%emt 0:00:08]} Rxd4 {[%emt 0:00:09]} 25. Qxe7+ {[%emt 0:00:02]}
Kxe7 {[%emt 0:00:01]} 26. Rb7+ {[%emt 0:00:01]} Kf8 {[%emt 0:00:09]} 27. Rc1 {
[%emt 0:00:01]} Rxa4 {[%emt 0:00:02]} 28. Rcc7 {[%emt 0:00:02]} Rf4 {[%emt 0:
00:01]} 29. Kg2 {[%emt 0:00:07]} a5 {[%emt 0:00:04]} 30. Kg3 {[%emt 0:00:11]}
g5 {[%emt 0:00:05]} 31. h4 {[%emt 0:00:10]} h6 {[%emt 0:00:01]} 32. hxg5 {
[%emt 0:00:02]} hxg5 {[%emt 0:00:01]} 33. Rd7 {[%emt 0:00:08]} a4 {[%emt 0:00:
03]} 34. Rdc7 {[%emt 0:00:02]} Kg7 {[%emt 0:00:05]} 35. Rd7 {[%emt 0:00:03]}
Kg6 {[%emt 0:00:03]} 36. Rdc7 {[%emt 0:00:00]} a3 {[%emt 0:00:01]} 37. Ra7 {
[%emt 0:00:01]} Ra4 {[%emt 0:00:17]} 38. Rab7 {[%emt 0:00:02]} a2 {[%emt 0:00:
06]} 39. Rxf7 {[%emt 0:00:01]} Rh8 {[%emt 0:00:11]} 40. Rg7+ {[%emt 0:00:07]}
Kf5 {[%emt 0:00:03]} 0-1

[Event "GER-ch Blitz 2019"]
[Site "Magdeburg"]
[Date "2019.05.25"]
[Round "25.11"]
[White "Feuerstack, Aljoscha"]
[Black "Heidrich, Manfred"]
[Result "1-0"]
[WhiteElo "2441"]
[BlackElo "2351"]
[Annotator "NA"]
[PlyCount "41"]
[EventDate "2019.05.25"]
[EventType "tourn"]
[EventCountry "GER"]
[Tiebreak "Number of wins+Number of black wins"]
[SourceTitle "playchess.com"]
[Source "ChessBase"]
[SourceQuality "1"]
[TimeControl "180+2"]

1. e4 {[%emt 0:00:00]} c5 {[%emt 0:00:00]} 2. c3 {[%emt 0:00:00]} Nf6 {[%emt 0:
00:00]} 3. e5 {[%emt 0:00:00]} Nd5 {[%emt 0:00:01]} 4. Nf3 {[%emt 0:00:01]} Nc6
{[%emt 0:00:04]} 5. Bc4 {[%emt 0:00:01]} Nb6 {[%emt 0:00:01]} 6. Bb3 {[%emt 0:
00:00]} d5 {[%emt 0:00:04]} 7. exd6 {[%emt 0:00:02]} Qxd6 {[%emt 0:00:01]} 8.
O-O {[%emt 0:00:02]} Bf5 {[%emt 0:00:07]} 9. d4 {[%emt 0:00:05]} e6 {[%emt 0:
00:03]} 10. Na3 {[%emt 0:00:07]} a6 {[%emt 0:00:12]} 11. Be3 {[%emt 0:00:11]}
cxd4 {[%emt 0:00:03]} 12. Nxd4 {[%emt 0:00:02]} Nxd4 {[%emt 0:00:01]} 13. Bxd4
{[%emt 0:00:01]} Nd5 {[%emt 0:00:25]} 14. Qf3 {[%emt 0:00:05]} Be7 {[%emt 0:00:
49]} 15. Rfe1 {[%emt 0:00:08]} Bg6 {[%emt 0:00:11]} 16. Bxd5 {[%emt 0:00:34]}
exd5 {[%emt 0:00:01]} 17. Bxg7 {[%emt 0:00:03]} Rg8 {[%emt 0:00:01]} 18. Bf6 {
[%emt 0:00:37]} Be4 {[%emt 0:00:01]} 19. Bxe7 {[%emt 0:00:01]} Qxe7 {[%emt 0:
00:04]} 20. Qh3 {[%emt 0:00:01]} Rxg2+ {[%emt 0:00:15]} 21. Qxg2 {[%emt 0:00:
04]} 1-0